Use of the Tax Mortgage Interest Deduction for the Purchase of Own Housing in the Czech Republic

Podpora bývania v ČR. Cieľom odpočtu úrokov z hypotekárneho alebo stavebného úveru z daňového základu je zníženie daňovej povinnosti poplatníka a následne podpora úverového financovania vlastného bývania občanov. Táto forma podpory bývania je jednou z najviac využívaných v ČR.

Saved in:
Bibliographic Details
Main Author: Kirschnerová, Pavlína
Other Authors: Janoušková, Jana
Format: Book Chapter
Language:Czech
Subjects:
Tags: Add Tag
No Tags, Be the first to tag this record!

MARC

LEADER 00000naa a2200000 4500
001 0290603
005 20230130080558.6
041 0 |a cze 
044 |a CZ 
245 1 0 |a Use of the Tax Mortgage Interest Deduction for the Purchase of Own Housing in the Czech Republic  |c Pavlína Kirschnerová, Jana Janoušková 
520 |a Podpora bývania v ČR. Cieľom odpočtu úrokov z hypotekárneho alebo stavebného úveru z daňového základu je zníženie daňovej povinnosti poplatníka a následne podpora úverového financovania vlastného bývania občanov. Táto forma podpory bývania je jednou z najviac využívaných v ČR. 
610 2 0 |a odpočet dane 
610 2 0 |a úľavy daňové 
610 2 0 |a úver hypotekárny 
610 2 0 |a úrok 
610 2 0 |a nehnuteľnosti 
610 2 0 |a Česko 
100 1 |a Kirschnerová, Pavlína 
700 1 |a Janoušková, Jana